Podnikový knowledge management - konkurenčná výhoda dnes: riadime podnikové poznatky

Dokončenie seriálu článkov o knowledge managemente. Oblasti poznatkov z hľadiska funkcieschopnosti a konkurencieschopnosti podniku. Riadenie procesov manažmentu poznatkov.

Salvato in:
Dettagli Bibliografici
Autore principale: Burger, Ivan
Natura: Capitolo di libro
Lingua:slovacco
Soggetti:
Tags: Aggiungi Tag
Nessun Tag, puoi essere il primo ad aggiungerne!!

MARC

LEADER 00000naa a2200000 4500
001 0150620
005 20231116121923.7
041 0 |a slo 
044 |a SK 
245 1 0 |a Podnikový knowledge management - konkurenčná výhoda  |b dnes: riadime podnikové poznatky  |c Ivan Burger 
520 |a Dokončenie seriálu článkov o knowledge managemente. Oblasti poznatkov z hľadiska funkcieschopnosti a konkurencieschopnosti podniku. Riadenie procesov manažmentu poznatkov. 
610 2 0 |a manažment znalostný 
610 2 0 |a riadenie znalostí 
610 2 0 |a vedenie podniku 
610 2 0 |a nástroje riadenia 
610 2 0 |a učiaca sa organizácia 
610 2 0 |a formy riadenia 
610 2 0 |a procesy podnikové 
610 2 0 |a konkurencieschopnosť 
100 1 |a Burger, Ivan